000 00365nam a2200133Ia 4500
008 240624s9999 xx 000 0 und d
041 _aeng
082 _a153.9 CAR
100 _aCARTER PHILIP
245 _aIQ TESTING INCREASE YOUR VOCABULARY AND
260 _c2010
_aNew Delhi
_bKogan Page India Private limited
300 _a165 : p. : cm. ; 21
365 _cRS
_b30
999 _c15881
_d15881